000 00553nam a2200169 4500
001 118546
003 ES-MaACL
005 20230906191124.0
007 t|
008 070214s1972 sp r ||||1| spa d
100 1 _aPeters, Paulhans.
_991474
245 1 0 _aEscuelas superiores
_b: centros de investigación /
_cpor Paulhans Peters ; versión de Juan J. Garrido Ibáñez.
260 _aBarcelona :
_bGustavo Gili,
_c1972.
300 _a101 p., 13 lám. :
_bil. ;
_c27 cm.
700 1 _aGarrido, Juan J.
_955676
852 _aES-MaACL
_jC-43005
_bR.82560
999 _c118546
_d118546